| 000 | 01211nmc a2200397 a 4500 | ||
|---|---|---|---|
| 003 | AR-BaBNM | ||
| 005 | 20251128205127.0 | ||
| 008 | 026119s1983 ||||||||||||||000 | spa|| | ||
| 020 | _a950-503-074-6 | ||
| 040 | _cAR-BaBNM | ||
| 100 | 1 |
_aCambours Ocampo, Arturo _d1908-1996 |
|
| 245 | 1 | 0 |
_aLenguaje y Nación _bmateriales para la independencia idiomática en Hispanoamérica, con un apéndice de Dámaso Alonso |
| 260 |
_aBuenos Aires _bMarymar _c1983 |
||
| 300 | 0 | _a106 p. | |
| 490 | 0 | _aEnsayo y crítica | |
| 500 | 0 | _aContiene apéndices en p. 30-76 | |
| 500 | 0 | _aIndice onomástico en p. 103-106 | |
| 600 | 1 | 4 | _aAlberdi, Juan Bautista |
| 600 | 1 | 4 |
_aGutiérrez, Juan María _d1809-1878 |
| 600 | 1 | 4 |
_aSarmiento, Domingo Faustino _d1868-1874 |
| 600 | 1 | 4 | _aGüiraldes, Ricardo |
| 600 | 1 | 4 | _aAlonso, Amado |
| 600 | 1 | 4 | _aUnamuno, Miguel de |
| 650 | 4 | _aANALISIS LITERARIO | |
| 650 | 4 | _aANALISIS LINGUISTICO | |
| 650 | 4 | _aESPANOL | |
| 650 | 4 | _aGENERACION DE 1880 | |
| 650 | 4 | _aENSAYO | |
| 650 | 4 | _aPOLITICA LINGUISTICA | |
| 650 | 4 | _aUSO LINGUISTICO | |
| 650 | 4 | _aLITERATURA ARGENTINA | |
| 653 | _aFILOSOFIA DEL LENGUAJE | ||
| 655 | _aLITERATURA | ||
| 942 | _cBK | ||
| 998 | _cisola | ||
| 999 |
_c10099 _d10099 |
||